| 000 | 00539nab#a2200193#c#4500 | ||
|---|---|---|---|
| 999 |
_c122069 _d122069 |
||
| 003 | IEF | ||
| 005 | 20191211121456.0 | ||
| 008 | 950704s1975 uuu|| #####0 b| |u | ||
| 040 |
_aIEF _cES-MaIEF |
||
| 100 | 1 |
_aAlbi Ibáñez, Emilio _9257 |
|
| 245 |
_aImpuesto sobre la Riqueza _buna propuesta radical _c Emilio Albi |
||
| 260 | _c1975 | ||
| 650 | 4 |
_aIMPUESTO SOBRE EL PATRIMONIO _946430 |
|
| 650 | 4 |
_aESTUDIOS _943582 |
|
| 773 | 0 |
_tHacienda pública española _w34570 _g33, p. 243-246 |
|
| 942 | _2udc | ||
| 942 | _2udc | ||